=LDR 00000nam 2200000 4500 =001 000674 =005 20250711022109 =035 ##$$a 0010-0725000542 =007 ta =008 250711###########################0#ind## =020 ##$$a 978-623-472-370-0 =082 ##$$a 398.209 598 =084 ##$$a 398.209 598 ROS k =100 #$$a Rosmarin, Corinne Lamoral =245 1#$$a Kejutan Ulang Tahun untuk Sato /$c Corinne Lamoral-Rosmarin, Jodi Houareau =250 ##$$a Cetakan Pertama =260 ##$$a Jakarta Timur :$b Badan Pengembangan dan Pembinaan Bahasa,$c 2024 =300 ##$$a 28 hlm. : $b ilus. ; $c 22,9 cm =650 #4$$a Cerita Anak indonesia-Terjemahan =650 #4$$a Literasi-Bahan Bacaan =700 #$$a Houareau =856 ##$$a TBM As Suhada =990 ##$$a TBM04490449